| 000 | 00437nam a2200169Ia 4500 | ||
|---|---|---|---|
| 008 | 230711s9999||||xx |||||||||||||| ||und|| | ||
| 020 | _a978-93-325-1844-5 | ||
| 041 | _aENG | ||
| 082 |
_a621.317 _bRA-P |
||
| 100 | _aRashid,Muhammad H | ||
| 245 | 0 | _aPower electronics : circuits,devices and applications | |
| 250 | _a3rd Ed. | ||
| 260 |
_c2014 _aNew Delhi _bPearson |
||
| 300 | _a880 | ||
| 650 | _aElectrical Engineering | ||
| 942 | _cBK | ||
| 999 |
_c5174 _d5174 |
||